Diplomatičeskij protokol i diplomatičeskaja praktika

Gespeichert in:
Bibliographische Detailangaben
1. Verfasser: Moločkov, S.F
Format: Buch
Sprache:Russisch
Veröffentlicht: Moskva Meždunarodnyje otnošenija 1979
Ausgabe:2. dopol. izd.
Tags: Tag hinzufügen
Keine Tags, Fügen Sie das erste Tag hinzu!

MARC

LEADER 00000nam a2200000 4500
001 c141349
005 20041019155321.6
041 0 |a rus 
044 |a RU 
245 1 0 |a Diplomatičeskij protokol i diplomatičeskaja praktika  |c S.F. Moločkov 
250 |a 2. dopol. izd. 
264 1 |a Moskva  |b Meždunarodnyje otnošenija  |c 1979 
300 |a 252 s. 
100 1 |a Moločkov, S.F.